00923nam a2200181Ia 4500008004100000041001200041082001100053100001600064245006200080260000600142650000600148942000700154999001700161952014100178952014100319952014100460952014000601221030s9999 xx 000 0 und d aEnglish a105.23 aD. S. Kumar 0aFluid Mechanics & Fluid Power Engineeringcby D. S. Kumar c0 aB cBK c11975d11975 pB 4340l0o105.23 r2022-10-30 00:00:00w2022-10-30yBK003Print4070aMIETLIBbMIETLIBcBL-, FL-, CUP-0, SH-0, R-0d2012-06-2010HBE pB 4341l0o105.23 r2022-10-30 00:00:00w2022-10-30yBK003Print4070aMIETLIBbMIETLIBcBL-, FL-, CUP-0, SH-0, R-0d2012-06-2010HBE pB 4342l0o105.23 r2022-10-30 00:00:00w2022-10-30yBK003Print4070aMIETLIBbMIETLIBcBL-, FL-, CUP-0, SH-0, R-0d2012-06-2010HBE pB 776l0o105.23 r2022-10-30 00:00:00w2022-10-30yBK003Print4070aMIETLIBbMIETLIBcBL-, FL-, CUP-0, SH-0, R-0d2012-06-1610HBE